00526nam a22001817a 450000500170000000800410001701000140005802000150007202000160008703500130010308200140011610000210013024500860015126000310023726000090026830000170027750000500029420081021094941.0081021t xxu||||| |||| 00| 0 eng d aENG-84186 a8175413220 c495.00 (hb) aEN-67719 a338.90092 aThorat, Sukhadeo aAmbedkar's role in economic planning water and power policy /cby Sukhadeo Thorat aDelhibShipra Publications c2006 ax,238pc22cm aIncludes bibliographical references and index